000 00272nam a22001217a 4500
008 190205b xxu||||| |||| 00| 0 eng d
041 _aeng
080 _a821
100 _a21
101 _aGJL
245 _aInstant Synonyms and Antonyms
_cBolander,D.O
942 _2udc
_cBK
999 _c53962
_d53962